Teoria fundamental do motor de inducao
Uloženo v:
| Hlavní autor: | |
|---|---|
| Médium: | Kniha |
| Jazyk: | portugalština |
| Vydáno: |
Florianópolis
UFSC
1985
|
| Edice: | Serie Didática
|
| Témata: | |
| Tagy: |
Přidat tag
Žádné tagy, Buďte první, kdo vytvoří štítek k tomuto záznamu!
|
MARC
| LEADER | 00000nam a2200000 a 4500 | ||
|---|---|---|---|
| 001 | UCT8241 | ||
| 003 | CL-VaPUC | ||
| 008 | 970326e19850000BL |||||||||||||||||por|d | ||
| 082 | 0 | 4 | |a 621.46 |b BAR |2 21 |
| 100 | 0 | |a Barbi, Ivo |e author |9 379839 | |
| 245 | 1 | 0 | |a Teoria fundamental do motor de inducao |
| 300 | |a 237 p | ||
| 942 | |c BK | ||
| 945 | |d 19970326 00:00:00 |a nastorga | ||
| 260 | |a Florianópolis |b UFSC |c 1985 | ||
| 650 | 0 | |a Motores eléctricos |9 260085 | |
| 650 | 7 | |a ELECTROMECANICA |2 CL-VaPUC |9 379840 | |
| 650 | 0 | |a Máquinas eléctricas |9 260079 | |
| 583 | |a last modification |c 19970326 00:00:00 |k Rodrigo Vera | ||
| 490 | 0 | |a Serie Didática | |
| 999 | |c 256760 |d 256758 | ||
| 952 | |0 0 |1 0 |2 ddc |4 0 |6 621_460000000000000_BAR_1985 |7 0 |8 A |9 279701 |a BIBING |b BIBING |c RES |d 2019-11-19 |i 3291790 |o 621.46 BAR 1985 |p 3291790 |r 2025-01-20 |w 2019-11-19 |y BK |k EIE | ||
| 952 | |0 0 |1 0 |2 ddc |4 0 |6 621_460000000000000_BAR_1985 |7 0 |8 A |9 279702 |a BIBING |b BIBING |c RES |d 2019-11-19 |i 3291804 |o 621.46 BAR 1985 |p 3291804 |r 2025-01-20 |w 2019-11-19 |y BK |k EIE | ||
| 952 | |0 0 |1 0 |2 ddc |4 0 |6 621_460000000000000_BAR_1985 |7 0 |8 A |9 279703 |a BIBING |b BIBING |c RES |d 2019-11-19 |i 4156684 |o 621.46 BAR 1985 |p 4156684 |r 2025-01-20 |w 2019-11-19 |y BK |k EIE | ||
| 952 | |0 0 |1 0 |2 ddc |4 0 |6 621_460000000000000_BAR_1985 |7 0 |8 A |9 279704 |a BIBING |b BIBING |c RES |d 2019-11-19 |i 4156692 |o 621.46 BAR 1985 |p 4156692 |r 2025-01-20 |w 2019-11-19 |y BK |k EIE | ||
| 952 | |0 0 |1 0 |2 ddc |4 0 |6 621_460000000000000_BAR_1985 |7 0 |8 A |9 279706 |a BIBING |b BIBING |c RES |d 2019-11-19 |i 4156714 |o 621.46 BAR 1985 |p 4156714 |r 2025-01-20 |w 2019-11-19 |y BK |k EIE | ||